LIBRARY & INFORMATION CENTRE, KCAET, TAVANUR

ONLINE PUBLIC ACCESS CATALOGUE (OPAC)

New engineering technologies for modern farming (Record no. 17519)

MARC details
000 -LEADER
fixed length control field 00629nam a22001697a 4500
003 - CONTROL NUMBER IDENTIFIER
control field OSt
008 - FIXED-LENGTH DATA ELEMENTS--GENERAL INFORMATION
fixed length control field 220617b |||||||| |||| 00| 0 eng d
020 ## - INTERNATIONAL STANDARD BOOK NUMBER
ISBN 9789390591312
082 ## - DEWEY DECIMAL CLASSIFICATION NUMBER
Classification number 630.954
Item number RAt/NE
100 ## - MAIN ENTRY--AUTHOR NAME
Personal name Rathore, Narendra Singh
100 ## - MAIN ENTRY--AUTHOR NAME
Personal name Panwar, N L
245 ## - TITLE STATEMENT
Title New engineering technologies for modern farming
260 ## - PUBLICATION, DISTRIBUTION, ETC. (IMPRINT)
Place of publication New Delhi
Name of publisher New India Publishing Agency
Year of publication 2021
300 ## - PHYSICAL DESCRIPTION
Number of Pages 163
505 ## - FORMATTED CONTENTS NOTE
Formatted contents note Agricultural innovations -- India.<br/>Agricultural machinery -- India.<br/>Agriculture -- Innovations -- Inde.<br/>Machines agricoles -- Inde.<br/>Agricultural innovations.<br/>Agricultural machinery.
942 ## - ADDED ENTRY ELEMENTS (KOHA)
Koha item type Books
Holdings
Withdrawn status Lost status Damaged status Home library Current library Shelving location Date acquired Cost, normal purchase price Full call number Accession Number Koha item type
      KAUAET KAUAET KAU- SC Sub plan 31/03/2022 2195.00 630.954 RAT/NE 26061 Books
free website counter